Представление документа в формате MARC21

Поле Инд. ПП Название Значение
Тип записи a
Библиографический уровень m
001 Контрольный номер 39cec11b-f95c-4635-96cd-a7ca218582ff
005 Дата корректировки 20140226125306.1
008 Кодируемые данные 010402 d
020 a ISBN 5-02-029892-1
c Цена, тираж 3-33
080 a Индекс УДК 519.8
084 a Индекс другой классификации/Индекс ББК В183
090 x Авторский знак М13
a Полочн. индекс В183
100 1_ a Автор Мазалов Владимир Викторович
245 _0 a Заглавие Моменты остановки и управляемые случайные блуждания
c Ответственность В. В. Мазалов, С. В, Винниченко; отв. ред. Л. А. Петросян; Рос. акад. наук, Сиб. отд-ние, Читин. ин-т природ. ресурсов
260 0_ a Место издания Новосибирск
b Издательство Наука
c Дата издания 1992
300 a Объем 103,[1] с.
b Иллюстрации/ тип воспроизводства ил.,карт.
504 a Библиография Библиогр.:с.101-104
650 a Основная рубрика Оптимальные процессы
x Основная подрубрика Математическая теория
653 a Ключевые слова Управляемость,теория
a Ключевые слова Случайные процессы
a Ключевые слова Оптимальные критерии
a Ключевые слова Оптимизация
700 1_ a Другие авторы Винниченко Сергей Викторович
e Роль лиц авт.
852 t Порядковый номер экземпляра 1
p Инвентарный номер 634262
999 a Подразделение 2 Фил3